The tree of knowledge (Record no. 20380)
[ view plain ]
| 000 -CABECERA | |
|---|---|
| campo de control de longitud fija | 00647caa a22001812a 4500 |
| 001 - NÚMERO DE CONTROL | |
| campo de control | 014620 |
| 003 - IDENTIFICADOR DEL NÚMERO DE CONTROL | |
| campo de control | AR-FADEU |
| 008 - DATOS DE LONGITUD FIJA--INFORMACIÓN GENERAL | |
| campo de control de longitud fija | 311216n########xxu####################dd |
| 092 ## - ASIGNACIÓN LOCAL DE SIGNATURA TOPOGRÁFICA DEWEY (OCLC) | |
| Número de clasificación | 808.831 |
| Número de documento/Ítem | S559s |
| 100 ## - ENTRADA PRINCIPAL--NOMBRE DE PERSONA | |
| Nombre de persona | James, Henry |
| 245 ## - MENCIÓN DE TÍTULO | |
| Título | The tree of knowledge |
| 300 ## - DESCRIPCIÓN FÍSICA | |
| Extensión | PP. 215-230 |
| 500 ## - NOTA GENERAL | |
| Nota general | En: Short story masterpieces / ed. Robert Penn Warren. New York : Dell, 1954 |
| 546 ## - NOTA DE LENGUA/LENGUAJE | |
| Nota de lengua/lenguaje | Inglés |
| 773 0# - ENLACE AL DOCUMENTO FUENTE/ENTRADA DE REGISTRO ANFITRIÓN | |
| Número bibliográfico anfitrión | 20367 |
| Número de ítem anfitrión | 20293 |
| Encabezamiento principal | |
| Edición | |
| Lugar, editor y fecha de publicación | New York |
| Otro identificador del documento | 0259 |
| Título | SHORT story masterpieces |
| Número de control del registro | ( AR-FADEU) 014607 |
| Número Internacional Normalizado para Publicaciones Seriadas | |
| Número Internacional Estándar del Libro | 0-440-37864-8 |
| 773 0# - ENLACE AL DOCUMENTO FUENTE/ENTRADA DE REGISTRO ANFITRIÓN | |
| Número bibliográfico anfitrión | 20367 |
| Número de ítem anfitrión | 20294 |
| Encabezamiento principal | |
| Edición | |
| Lugar, editor y fecha de publicación | New York |
| Otro identificador del documento | 05762 |
| Título | SHORT story masterpieces |
| Número de control del registro | ( AR-FADEU) 014607 |
| Número Internacional Normalizado para Publicaciones Seriadas | |
| Número Internacional Estándar del Libro | 0-440-37864-8 |
| 942 ## - ELEMENTOS DE PUNTO DE ACCESO ADICIONAL (KOHA) | |
| Tipo de ítem Koha | BDGR |
No items available.